All current RLCS Rocket league teams - Statistics

General Stats
  • This quiz has been taken 62 times
  • The average score is 18 of 118
Answer Stats
Answer % Correct
NRG
85%
Vitality
83%
Karmine Corp
79%
Spacestation Gaming
72%
Falcons
66%
Gen G
64%
Dignitas
58%
FURIA
55%
Geekay Esports
55%
Gentle Mates Alpine
55%
Twisted Minds
55%
Ninjas in Pyjamas
53%
The Ultimates
51%
Secret
43%
Complexity
40%
TSM
38%
Shopify Rebellion
36%
Wildcard
34%
PWR
32%
ROC
28%
Helfie Chiefs
26%
Pioneers
25%
100%
23%
CALIENTE
23%
Limitless
23%
9Lives
21%
Cloud eSport
21%
Deleted Gaming
21%
Corinthians
19%
Evo
17%
Elevate
15%
Godfidence
15%
NOVO Esports
15%
Startpoint
15%
Vision
15%
Ascend
13%
Lil Step Bros
13%
Redemption
13%
Synergy
13%
Ground Zero
11%
Hey (with rizz)
11%
JJROX
11%
Pirates on a Boat
11%
RRG
11%
Al Qadsiah
9%
Moonrise
9%
Netherlamericanada
9%
Save the game
9%
Sick!
9%
belly bean boys
8%
BS+COMPETITION
8%
CosmiCo
8%
Endpoint CeX
8%
Oi Oi
8%
Omelette
8%
Prodigy
8%
WYLDE
8%
12 Bricks
6%
72PC
6%
77Blocks
6%
Austrian Force
6%
ben
6%
Esport BERG
6%
.EXE
6%
Farmville
6%
Flashes of Brilliance
6%
Gentlemen
6%
iz im dreamin
6%
KINOTROPE
6%
Lotus 8
6%
Mexaclica
6%
mGa eSport
6%
Morekats Gaming
6%
mYinsanity
6%
NXT
6%
OGC FC
6%
Papo de Visao
6%
Quick Esports
6%
Revelation
6%
Sentient Esports
6%
shmoo
6%
Super Team
6%
The Razzle Dazzlers
6%
Washed Up Boys
6%
Astronic
4%
Bandits
4%
Boulevard
4%
Erased
4%
Espada
4%
F16
4%
GeneSix
4%
Gen G Black
4%
Infamous
4%
LUK
4%
MTK Budapest
4%
Novus Aevi
4%
Overlooked
4%
Pineapple Cake
4%
ROUNDS
4%
Team HSK
4%
UHUH
4%
White Rabbit
4%
WOO
4%
YapVille
4%
Yokohama
4%
Zookeepers
4%
Almost Nuts
2%
Dark Rift
2%
Dekubopdumnem
2%
Dunno Chief
2%
Empty Space
2%
HEET
2%
Infinity
2%
Les Payots
2%
Luna Galaxy
2%
Senja Esports
2%
The Elites
2%
Fear of God
0%
No matching quizzes found
Score Distribution
Percent of People with Each Score
Percentile by Number Answered
Your Score History
You have not taken this quiz